[Event "32nd Open"]
[Site "Arco ITA"]
[Date "2010.10.21"]
[Round "6"]
[White "Ager,J"]
[Black "Aagaard,J"]
[Result "0-1"]
[WhiteElo "2194"]
[BlackElo "2534"]

1.Nf3 d5 2.c4 e6 3.b3 c6 4.g3 a5 5.Bg2 a4 6.Ba3 Qf6 7.d4 axb3 8.axb3 Bb4+
9.Kf1 Nd7 10.Bb2 Rxa1 11.Bxa1 Qd8 12.Bc3 Bxc3 13.Nxc3 f5 14.h3 Ngf6 15.Kg1 Ne4
16.Nxe4 fxe4 17.Nd2 O-O 18.e3 Qf6 19.f4 exf3 20.Nxf3 e5 21.cxd5 e4 22.Nd2 cxd5
23.Kh2 Qh6 24.Qe1 Nf6 25.Rf1 Ng4+ 26.Kg1 Nxe3 27.Rxf8+ Kxf8 28.g4 Nc2 29.Qf2+ Qf6  0-1

[Event "32nd Open"]
[Site "Arco ITA"]
[Date "2010.10.22"]
[Round "7"]
[White "Trauth,M"]
[Black "Dittmar,P"]
[Result "0-1"]
[WhiteElo "2197"]
[BlackElo "2328"]

1.Nf3 d5 2.c4 e6 3.g3 dxc4 4.Qa4+ Bd7 5.Qxc4 c5 6.Bg2 Bc6 7.d3 Nf6 8.O-O Nbd7
9.a3 Rc8 10.Qc2 Be7 11.Nbd2 O-O 12.b3 b6 13.Bb2 Qc7 14.Rac1 Qb7 15.Nc4 Rfd8
16.Rfd1 Qa8 17.Qb1 Bb7 18.b4 cxb4 19.axb4 Nd5 20.b5 a6 21.e4 Nb4 22.Bd4 axb5
23.Nxb6 Nxb6 24.Bxb6 Rxc1 25.Rxc1 Rxd3 26.Ne5 Ra3 27.Bd4 Nc6 28.Bb2 Nxe5
29.Bxe5 b4 30.h4 h6 31.Qc2 Bf8 32.Bb2 Ra6 33.Qe2 Rc6 34.Ra1 Ra6 35.Rc1 Ra5
36.Rc7 Rc5 37.Rd7 Bc6 38.Rd1 Bb5 39.Qd2 Rc8 40.g4 Rc7 41.g5 Rd7 42.Qc1 Rxd1+
43.Qxd1 hxg5 44.hxg5 Qa2 45.Qd4 Qc4 46.Qd8 Qc5 47.g6 fxg6 48.Bh3 Bc4 49.Qe8 Qg5+
50.Kh2 Qf4+ 51.Kg1 Qxe4  0-1

[Event "Lichtenrader Herbst"]
[Site "Berlin GER"]
[Date "2010.10.22"]
[Round "7"]
[White "Radovanovic,J"]
[Black "Jaeschke,J"]
[Result "1-0"]
[WhiteElo "2305"]
[BlackElo "2158"]

1.Nf3 d5 2.c4 e6 3.d4 Nf6 4.Nc3 Be7 5.cxd5 exd5 6.Bg5 c6 7.Qc2 O-O 8.e3 Nbd7
9.Bd3 Re8 10.O-O Nf8 11.h3 Be6 12.Rab1 a5 13.a3 Ng6 14.b4 axb4 15.axb4 Nd7
16.Bxe7 Qxe7 17.Rfc1 Nh4 18.Bxh7+ Kh8 19.Nxh4 Qxh4 20.Bd3 g5 21.Ne2 Rg8 22.Bf5 Nf6
23.g3 Qh5 24.Kg2 Kg7 25.g4 Qh4 26.Ng3 Rh8 27.Rh1 Rhe8 28.b5 cxb5 29.Rxb5 Re7
30.Qb3 Rb8 31.Qa3 Rd7 32.Qa7 Qh8 33.Rc1 Ra8 34.Qc5 Qd8 35.Qb4 Rc8 36.Rxc8 Qxc8
37.Rb6 Rc7 38.Qd6 Rc6 39.Rxc6 Qxc6 40.Qxc6 bxc6 41.f4 gxf4 42.exf4 Nd7 43.Bc2 Nb6
44.f5 Bc8 45.g5 Nc4 46.Kf3 Ba6 47.f6+ Kf8 48.h4 Nd6 49.Ke3 Nc4+ 50.Kf2 Na3
51.Bh7 Bc8 52.h5 Nb5 53.g6  1-0

[Event "32nd Open"]
[Site "Arco ITA"]
[Date "2010.10.24"]
[Round "9"]
[White "Trauth,M"]
[Black "Sautto,A"]
[Result "1-0"]
[WhiteElo "2197"]
[BlackElo "1955"]

1.Nf3 d5 2.c4 c6 3.g3 Nf6 4.Bg2 Bf5 5.cxd5 cxd5 6.Qb3 Nbd7 7.Nc3 e6 8.Qxb7 Bc5
9.Qb3 Rb8 10.Qd1 Qc7 11.O-O d4 12.Na4 d3 13.b3 Bb4 14.Bb2 O-O 15.Nd4 Be4
16.exd3 Bxd3 17.Re1 Rbc8 18.Re3 Bg6 19.Nc6 Nd5 20.Bxd5 exd5 21.Nxb4 Qd6 22.Qg4 a5
23.Qd4 Nf6 24.Nd3 Be4  1-0

[Event "Lichtenrader Herbst"]
[Site "Berlin GER"]
[Date "2010.10.24"]
[Round "9"]
[White "Shapiro,Y"]
[Black "Kachibadze,Ge"]
[Result "1-0"]
[WhiteElo "2100"]
[BlackElo "2272"]

1.Nf3 d5 2.c4 e6 3.g3 Nf6 4.Bg2 Be7 5.b3 O-O 6.O-O c5 7.e3 Nc6 8.Bb2 dxc4
9.bxc4 Na5 10.Na3 b6 11.Bc3 Bb7 12.Bxa5 bxa5 13.d3 Nd7 14.Qc2 Nb6 15.Rab1 Bc6
16.Nb5 a6 17.Nc3 Qc7 18.Nd2 Bxg2 19.Kxg2 Qc6+ 20.Kg1 a4 21.f4 Rad8 22.Nf3 Bf6
23.Ne4 Be7 24.Ne5 Qc7 25.Nc3 Bd6 26.Ne4 Be7 27.Rfd1 f6 28.Nf3 Qc6 29.Qg2 Kh8
30.Nf2 Rd6 31.Rd2 Bd8 32.Rdb2 Qd7 33.Qf1 Bc7 34.d4 Qc6 35.dxc5 Qxc5 36.Nd4 Qxc4
37.Ne4 Rxd4 38.exd4 Qxd4+ 39.Nf2 Nd5 40.Qd3  1-0

[Event "Uxbridge Premier"]
[Site "Denham ENG"]
[Date "2010.10.24"]
[Round "1"]
[White "Taylor,Adam A"]
[Black "Cafolla,P"]
[Result "0-1"]
[WhiteElo "1821"]
[BlackElo "2088"]

1.Nf3 d5 2.c4 e6 3.g3 c5 4.cxd5 exd5 5.d4 Nc6 6.Bg2 Nf6 7.O-O Be7 8.Nc3 O-O
9.Bg5 cxd4 10.Nxd4 h6 11.Bxf6 Bxf6 12.Nxc6 bxc6 13.Rc1 Bg4 14.h3 Bh5 15.g4 Bg6
16.e3 Rc8 17.Na4 Qe7 18.b3 Rfe8 19.Qd2 h5 20.Nc5 hxg4 21.hxg4 Be5 22.b4 Bd6
23.a4 Qh4 24.f4 Qxg4 25.Rf2 Rc7 26.Nb3 Be7 27.b5 Bh4 28.Re2 Bh5 29.Nd4 Qc8
30.Nf3 Bf6 31.bxc6 Rxc6 32.Ree1 Bc3 33.Qxd5 Rc5  0-1

[Event "Uxbridge Premier"]
[Site "Denham ENG"]
[Date "2010.10.25"]
[Round "3"]
[White "Holland,J"]
[Black "Summerscale,A"]
[Result "1-0"]
[WhiteElo "2034"]
[BlackElo "2419"]

1.Nf3 d5 2.c4 e6 3.g3 Nf6 4.Bg2 Be7 5.O-O O-O 6.d4 c6 7.b3 Nbd7 8.Bb2 b6
9.Ne5 Bb7 10.Nd2 c5 11.cxd5 Nxd5 12.Nxd7 Qxd7 13.dxc5 Bxc5 14.Ne4 Be7 15.Qd4 f6
16.Nc3 Rad8 17.Rfd1 Qc8 18.Nxd5 Bxd5 19.Rac1 Qb7 20.Bxd5 Rxd5 21.Qg4 Rxd1+
22.Rxd1 Qc6 23.Rd3 a5 24.h4 Rd8 25.Rxd8+ Bxd8 26.Qc4 Qxc4 27.bxc4 h5 28.Kg2 Kf7
29.Kf3 g5 30.Bd4 gxh4 31.gxh4 e5 32.Bb2 Ke6 33.Kg3 f5 34.e3 Be7 35.Bc1 Bb4
36.Kf3 a4 37.Bb2 a3 38.Ba1 Be7 39.Bc3 Bxh4 40.Kg2 Be7 41.f3 e4 42.fxe4 fxe4
43.Kg3 Kf5 44.Bg7 Bc5 45.Bh6 Be7 46.Bg7 Bd6+ 47.Kf2 Kg4 48.Bd4 Bc5 49.Be5 h4
50.Bf4 h3 51.Be5 Be7 52.Bc7 Bc5 53.Be5  1-0

[Event "Uxbridge Premier"]
[Site "Denham ENG"]
[Date "2010.10.26"]
[Round "5"]
[White "Holland,J"]
[Black "Rudd,J"]
[Result "1/2-1/2"]
[WhiteElo "2034"]
[BlackElo "2251"]

1.Nf3 d5 2.c4 e6 3.g3 c6 4.b3 Nf6 5.Bg2 Bd6 6.Bb2 O-O 7.O-O Nbd7 8.d4 Ne4
9.Nfd2 f5 10.Nxe4 fxe4 11.f3 exf3 12.exf3 dxc4 13.bxc4 e5 14.Qe2 exd4 15.Qe6+ Kh8
16.Qxd6 c5 17.Nd2 Qb6 18.Qxb6 axb6 19.Rfe1 Nf6 20.f4 Ng4 21.Nf1 Ra4 22.h3 Nh6
23.Rac1 Rxa2 24.Re2 Nf5 25.Rce1  1/2-1/2

[Event "Uxbridge Premier"]
[Site "Denham ENG"]
[Date "2010.10.27"]
[Round "6"]
[White "Campbell,E"]
[Black "Wadsworth,Matthew J"]
[Result "0-1"]
[WhiteElo "1936"]
[BlackElo "1868"]

1.Nf3 d5 2.c4 e6 3.g3 Nf6 4.Bg2 Be7 5.O-O O-O 6.d4 Nbd7 7.b3 b6 8.Bb2 Bb7
9.Nc3 c5 10.e3 Rc8 11.Ne5 cxd4 12.exd4 Ba6 13.Re1 Bb4 14.Rc1 Re8 15.a3 Bxc3
16.Rxc3 Nxe5 17.dxe5 Ne4 18.Rd3 Qc7 19.Bxe4 dxe4 20.Rxe4 Bb7 21.Red4 Qc6
22.f3 Qc5 23.b4 Qxe5 24.Rd8 Qxb2 25.Rxc8 Bxc8 26.Rd8 Bd7 27.Rxd7 h6 28.Rxa7 Qc3
29.Rb7 Qxa3 30.Qd4 Qxb4 31.Rxb6 Qe1+ 32.Kg2 Qe2+ 33.Kh3 Qxf3 34.Rb2 Qf1+
35.Rg2 Rc8 36.c5 Qf5+ 37.g4 Qxc5 38.Qd2 Qc3+  0-1

[Event "WY Boys-U14"]
[Site "Porto Carras GRE"]
[Date "2010.10.27"]
[Round "8.2"]
[White "Girish,A"]
[Black "Lamard,G"]
[Result "1/2-1/2"]
[WhiteElo "2342"]
[BlackElo "2186"]

1.Nf3 d5 2.c4 e6 3.b3 c6 4.Bb2 Nf6 5.e3 Bd6 6.d4 Ne4 7.Bd3 f5 8.O-O Nd7 9.Ne5 O-O
10.f3 Ng5 11.f4 Ne4 12.Nd2 Nxd2 13.Qxd2 Nxe5 14.fxe5 Be7 15.Rf3 Bd7 16.Raf1 Be8
17.Rh3 Bg6 18.Bc3 a5 19.Qc2 Qd7 20.Kh1 b5 21.c5 a4 22.b4 Bg5 23.Be1 Qe7 24.Rff3 Rf7
25.Bg3 Raf8 26.Bf4 Bh4 27.Rf1 Qd8 28.a3 Qe7 29.Rg1 Bh5 30.Bg3 Bxg3 31.hxg3 Bg4
32.Rh2 Qg5 33.Qf2 g6 34.Re1 Kg7 35.Kg1 h5 36.Qf4 Qxf4 37.gxf4 Rb8 38.Kf2 Rff8
39.Reh1 Rh8 40.Rh4 Rbd8 41.Be2 Rhf8 42.Bf3 Rf7 43.Ke2 Rff8 44.Kf2 Rf7 45.Bd1 Rff8
46.Bc2 Rd7 47.g3 Ra8 48.Bb1 Rad8 49.Ba2 Kf7 50.R4h2 Ke7 51.Rc1 Rc7 52.Bb1 Rcc8
53.Bd3 Rb8 54.Rh4 Rf8 55.Kg2 Rh8 56.Rch1 Kf7 57.Kf2 Kg7 58.Be2 Rhf8 59.Bf3 Rbd8  1/2-1/2

[Event "11th Liberec Open"]
[Site "Liberec CZE"]
[Date "2010.10.28"]
[Round "7"]
[White "Plischki,S"]
[Black "Vavra,P1"]
[Result "1/2-1/2"]
[WhiteElo "2358"]
[BlackElo "2351"]

1.Nf3 d5 2.c4 c6 3.e3 e6 4.d4 f5 5.Bd3 Nf6 6.O-O Bd6 7.b3 O-O 8.Ba3 Ne4 9.Bxd6 Qxd6
10.Nbd2 Nd7 11.Qc2 b6 12.Qb2 Bb7 13.b4 c5 14.a3 Rac8 15.Rac1 Nxd2 16.Nxd2 a5
17.b5 Nf6 18.Rfd1 f4 19.cxd5 fxe3 20.Nc4 exf2+ 21.Qxf2 Qxh2+ 22.Kxh2 Ng4+
23.Kg3 Nxf2 24.Nxb6 Nxd1 25.Rxd1 Bxd5 26.Nxc8 Rxc8 27.dxc5 Rxc5 28.Rd2 Rc3
29.Kf4 Rxa3 30.Ke5 Rb3 31.Kd6 a4 32.Ke7 Rc3 33.b6 g6 34.Bb5 a3 35.Kd7 Rb3
36.Rxd5 exd5 37.Kc6 a2 38.b7 Rxb5 39.Kxb5 a1=Q 40.b8=Q+ Kf7 41.Qb7+ Kf6 42.Qb6+ Kf5
43.Qf2+ Ke6 44.Qb6+ Kf7 45.Qb7+  1/2-1/2

[Event "Chigorin Mem Classic Open"]
[Site "St Petersburg RUS"]
[Date "2010.10.28"]
[Round "1"]
[White "Sharafiev,A"]
[Black "Zaryvkina,A"]
[Result "1-0"]
[WhiteElo "2445"]
[BlackElo "2063"]

1.Nf3 d5 2.c4 c6 3.e3 Nf6 4.Nc3 e6 5.b3 Nbd7 6.Bb2 a6 7.d4 Bd6 8.Be2 O-O
9.O-O b5 10.Qc2 Bb7 11.e4 dxe4 12.Nxe4 Be7 13.Nc5 Nxc5 14.dxc5 bxc4 15.b4 a5
16.Ng5 h6 17.Rad1 Qc7 18.Bxf6 hxg5 19.Bxe7 Qxe7 20.a3 axb4 21.axb4 Rab8 22.Rd6 Rfd8
23.Rfd1 Rxd6 24.cxd6 Qd7 25.Qxc4 Ra8 26.Qc5 f6 27.h3 Bc8 28.Bf3 Bb7 29.Qb6 Rb8
30.b5  1-0

[Event "14th Corsica KO"]
[Site "Bastia FRA"]
[Date "2010.10.29"]
[Round "2.4"]
[White "Fressinet,L"]
[Black "Balogh,C"]
[Result "1/2-1/2"]
[WhiteElo "2718"]
[BlackElo "2608"]

1.Nf3 d5 2.c4 c6 3.e3 Nf6 4.Nc3 g6 5.d4 Bg7 6.Be2 O-O 7.O-O e6 8.b4 dxc4
9.Bxc4 b5 10.Be2 a5 11.bxa5 Qxa5 12.Qc2 Nbd7 13.Bd2 Qa3 14.Rab1 Bb7 15.Rb3 Qe7
16.Rfb1 Rfc8 17.Qd1 e5 18.a4 exd4 19.Nxd4 Nc5 20.Rb4 Nce4 21.Nxe4 Nxe4 22.Be1 c5
23.Rxb5 Ba6 24.Nf3 Bxb5 25.axb5 Rab8 26.Qc2 c4 27.Nd4 Bxd4 28.exd4 c3 29.Bf3 Ng5
30.Bc6 Ne6 31.Bxc3 Nf4 32.Kf1 Qd6 33.g3 Nd5 34.Bd2 Qe6 35.Re1 Qd6 36.Qe4 Nf6
37.Qe5 Ne8 38.Ra1 Nc7 39.Ra5 Ne6 40.Be3 Rd8 41.b6 Nxd4 42.Bxd4  1/2-1/2

[Event "WY Boys-U14"]
[Site "Porto Carras GRE"]
[Date "2010.10.30"]
[Round "11.5"]
[White "Rapport,R"]
[Black "Tran Tuan Minh"]
[Result "1/2-1/2"]
[WhiteElo "2523"]
[BlackElo "2227"]

1.Nf3 d5 2.c4 c6 3.d4 e6 4.Qc2 Bd6 5.Nc3 f5 6.Bg5 Ne7 7.e3 O-O 8.Bd3 a6 9.g4 dxc4
10.Bxc4 fxg4 11.Nd2 h6 12.Bh4 Qc7 13.Nde4 Nf5 14.Bg3 Bxg3 15.hxg3 Qf7 16.Qe2 b5
17.Bb3 a5 18.Qxg4 a4 19.Bc2 e5 20.Qd1 exd4 21.exd4 Rd8 22.Ne2 Na6 23.N4c3 Nb4
24.Be4 a3 25.bxa3 Rxa3 26.Qd2 Qc4 27.Rd1 Nxa2 28.Nb1 Ra4 29.Bc2 Rb4 30.O-O Rb2
31.Bd3 Qb4 32.Qf4 Qd6 33.Qe5 Qxe5 34.dxe5 Re8 35.Bxf5 Rxe2 36.Bg6 Rf8 37.f4 Be6
38.f5 Bd5 39.e6 Rg2+ 40.Kh1 Re2+ 41.Kg1 Rg2+ 42.Kh1 Re2+ 43.Kg1 Rg2+ 44.Kh1  1/2-1/2

[Event "Chigorin Mem Classic Open"]
[Site "St Petersburg RUS"]
[Date "2010.10.30"]
[Round "3"]
[White "Martynov,P2"]
[Black "Irinchinov,V"]
[Result "1/2-1/2"]
[WhiteElo "2163"]
[BlackElo "1962"]

1.Nf3 d5 2.c4 e6 3.g3 Nf6 4.Bg2 Be7 5.O-O O-O 6.d4 Nbd7 7.Qc2 c6 8.b3 Ne4
9.Ne5 f5 10.Bb2 Nxe5 11.dxe5 Qb6 12.Nc3 Bd7 13.Rac1 a5 14.Na4 Qd8 15.c5 Ra6
16.Rfd1 Qc7 17.Bd4 Be8 18.f3 Ng5 19.h4 Nf7 20.f4 Nh6 21.Rb1 Bh5 22.Nb6 Ng4
23.a3 h6 24.b4 axb4 25.axb4 Ra3 26.Rd3 Rxd3 27.Qxd3 g5 28.hxg5 hxg5 29.e3 Bd8
30.Qd2 Qh7 31.Ra1 Be8 32.Bf1 gxf4 33.exf4 Bxb6 34.cxb6 Kf7 35.Ra7 Kg6 36.Qg2 Rh8
37.Ba6 Qg8 38.Rxb7 Rh2 39.Qxh2 Nxh2 40.Kxh2 Qh8+ 41.Kg2 c5 42.bxc5 Ba4 43.Be2 Bc2
44.Bf3 Be4 45.Bxe4 fxe4 46.Ra7 Qh5 47.Ra1 Qf3+ 48.Kh2 Qe2+ 49.Kh3 Qh5+ 50.Kg2 Qe2+  1/2-1/2

[Event "Chigorin Mem Classic Open"]
[Site "St Petersburg RUS"]
[Date "2010.10.30"]
[Round "3"]
[White "Grigoryan,K2"]
[Black "Emdin,M"]
[Result "1-0"]
[WhiteElo "2290"]
[BlackElo "1975"]

1.Nf3 d5 2.c4 c6 3.e3 Nf6 4.Nc3 e6 5.b3 Be7 6.Bb2 Nbd7 7.d4 b6 8.Bd3 Bb7
9.O-O O-O 10.Qe2 c5 11.Rfd1 cxd4 12.exd4 Re8 13.Rac1 Rc8 14.Ne5 Bd6 15.Nb5 Bb8
16.Ba3 Nxe5 17.dxe5 Nd7 18.Nd6 Bxd6 19.Bxd6 Nc5 20.Bb1 Qg5 21.Rc3 Ne4 22.Bxe4 dxe4
23.Rg3 Qf5 24.Qe3 Qh5 25.Re1 Kh8 26.Rg5 Qh6 27.Qg3 f5 28.exf6 gxf6 29.Be5 Rg8
30.Qf4 Rxg5 31.Bxf6+ Kg8 32.Bxg5 Qg6 33.Re3 Rf8 34.Qh4 Kh8 35.Be7 Rf5 36.Rg3 Qf7
37.Bb4 h5 38.Bc3+ e5 39.Rg5 Rxg5 40.Qxg5 e3 41.Qxe5+ Kh7 42.Qxe3 Qg6 43.f3 Qb1+
44.Qe1  1-0

[Event "14th OIBM"]
[Site "Bad Wiessee GER"]
[Date "2010.10.31"]
[Round "3.17"]
[White "Wenner,T"]
[Black "Kunin,V"]
[Result "0-1"]
[WhiteElo "2226"]
[BlackElo "2538"]

1.Nf3 d5 2.c4 d4 3.g3 Nc6 4.Bg2 e5 5.O-O a5 6.d3 Be7 7.e3 Nf6 8.exd4 exd4
9.Na3 O-O 10.Nc2 h6 11.Re1 Bg4 12.b3 Qd7 13.Bb2 Rfe8 14.Qd2 Bc5 15.a3 Qd6
16.Rxe8+ Rxe8 17.Re1 Rb8 18.Qc1 b5 19.Qa1 bxc4 20.bxc4 Rb3 21.Bxd4 Nxd4 22.Nfxd4 Rxd3
23.Nb5 Bxf2+ 24.Kxf2 Rd2+ 25.Kg1 Rxg2+ 26.Kxg2 Qd2+ 27.Kg1 Bf3 28.Re8+ Nxe8
29.Qf1 Be2 30.Qf5 Qc1+ 31.Kg2 g6 32.Qf2 Qxc2  0-1

[Event "14th OIBM"]
[Site "Bad Wiessee GER"]
[Date "2010.10.31"]
[Round "3.24"]
[White "Schneider,Il"]
[Black "Muench,I"]
[Result "1/2-1/2"]
[WhiteElo "2519"]
[BlackElo "2209"]

1.Nf3 d5 2.c4 d4 3.e3 c5 4.exd4 cxd4 5.d3 Nc6 6.g3 e5 7.Bg2 Bd6 8.O-O Nf6
9.Bg5 O-O 10.Nbd2 h6 11.Bxf6 Qxf6 12.Ne4 Qe7 13.Nxd6 Qxd6 14.Nd2 Bf5 15.Qb3 Rab8
16.Rae1 Kh8 17.f4 Bh7 18.Ne4 Qc7 19.Qa3 a5 20.Qc5 f6 21.fxe5 Qxe5 22.Qb6 Rbe8
23.a3 f5 24.Qc5 Qb8 25.Nd6 Rd8 26.Re6 Bg8 27.Nxb7 Qxb7 28.Bxc6 Qxb2 29.Re7 Qd2
30.Qe5 Qg5 31.Rb1 f4 32.Qxg5 hxg5 33.Rb5 fxg3 34.hxg3 Rf6 35.Be4 Bh7 36.Bxh7 Kxh7
37.Rxg5 Rf3 38.Rgxg7+ Kh8 39.Rg4 Rxd3 40.Re5 Rd7 41.Rxa5 Rc3 42.Rh5+ Rh7
43.Rd5 Rb7 44.Kg2 Rc2+ 45.Kf3 Rxc4 46.Rh5+ Rh7 47.Rgh4 Rxh5 48.Rxh5+ Kg7
49.Ra5 d3 50.Ke3 Rg4 51.Kxd3 Kf6 52.Ke3 Rxg3+ 53.Kd4 Ke6 54.Kc5 Rg5+  1/2-1/2

[Event "14th OIBM"]
[Site "Bad Wiessee GER"]
[Date "2010.11.02"]
[Round "5.22"]
[White "Wenner,T"]
[Black "Kindermann,S"]
[Result "0-1"]
[WhiteElo "2226"]
[BlackElo "2526"]

1.Nf3 d5 2.c4 c6 3.g3 Bg4 4.Bg2 e6 5.b3 Nd7 6.Bb2 Ngf6 7.d3 Bd6 8.Nbd2 O-O
9.O-O a5 10.a3 b5 11.h3 Bh5 12.g4 Bg6 13.Nh4 Nxg4 14.Nxg6 fxg6 15.hxg4 Qh4
16.f4 Bxf4 17.Rf3 Qh2+ 18.Kf2 Bg3+ 19.Kf1 Ne5 20.Rxf8+ Rxf8+ 21.Nf3 Nxg4
22.Bd4 Qh6 23.Qc1 Bf4 24.Qe1 e5 25.Bc5 Be3 26.Bxf8 Nh2+ 27.Nxh2 Qxh2 28.Qf2 Bxf2
29.Kxf2 Kxf8 30.cxb5 Qf4+ 31.Ke1 cxb5 32.b4 a4 33.Ra2 Qc1+ 34.Kf2 d4  0-1

[Event "20th World Seniors"]
[Site "Arco ITA"]
[Date "2010.11.03"]
[Round "8"]
[White "Hjertenes,O"]
[Black "Wuensch,U"]
[Result "1/2-1/2"]
[WhiteElo "2199"]
[BlackElo "2056"]

1.Nf3 d5 2.c4 c6 3.g3 Nf6 4.Bg2 Bg4 5.O-O e6 6.d4 Be7 7.Qb3 Qb6 8.Nc3 O-O
9.Qxb6 axb6 10.cxd5 exd5 11.h3 Bf5 12.g4 Bc2 13.Bf4 Nbd7 14.Rac1 Bg6 15.Rfd1 b5
16.a3 Rfe8 17.Nh4 b4 18.axb4 Bxb4 19.Nxg6 hxg6 20.e3 Nb6 21.Bf1  1/2-1/2

[Event "Chigorin Mem Classic Open"]
[Site "St Petersburg RUS"]
[Date "2010.11.03"]
[Round "7"]
[White "Memarian,M"]
[Black "Belenkaya,D"]
[Result "1-0"]
[WhiteElo "2018"]
[BlackElo "2109"]

1.Nf3 d5 2.c4 dxc4 3.Na3 c5 4.Nxc4 Nc6 5.g3 Nf6 6.Bg2 e6 7.O-O Be7 8.b3 O-O
9.Bb2 Qc7 10.Nfe5 Bd7 11.a4 Rfd8 12.f4 Rac8 13.g4 Nd5 14.Qb1 Be8 15.Rf3 Nb6
16.Rh3 g6 17.g5 Nxc4 18.bxc4 Qb6 19.Bxc6 bxc6 20.Qc1 Qb4 21.Bc3 Qb8 22.Qe1 f5
23.Rb1 Qc7 24.d3 Bd6 25.Ba5 Qe7 26.Bxd8 Rxd8 27.Qc3 Qc7 28.a5 Rb8 29.Ra1 Qb7
30.Rf3 Bc7 31.Rff1 Kf8 32.e3 Kg8 33.Nf3 Bf7 34.a6 Qb4 35.Qxb4 cxb4 36.Ne5 Be8
37.c5 Rb5 38.d4 h6 39.h4 Bf7 40.Nxc6 Be8 41.Ne5 Bxe5 42.fxe5 Bc6 43.Rfb1 h5
44.Rb2 b3 45.Ra3 Bd5 46.c6 Rb8 47.Raxb3 Bxb3 48.c7 Rc8 49.Rxb3 Kf7  1-0

[Event "20th World Seniors"]
[Site "Arco ITA"]
[Date "2010.11.04"]
[Round "9"]
[White "Diehl,K"]
[Black "Degtiarev,V"]
[Result "1-0"]
[WhiteElo "2103"]
[BlackElo "1867"]

1.Nf3 d5 2.c4 c6 3.g3 Nf6 4.Bg2 dxc4 5.Qc2 g6 6.Qxc4 Bg7 7.d3 O-O 8.O-O Nbd7
9.Qh4 Qa5 10.Nc3 Re8 11.Bd2 Qh5 12.Qa4 Nb6 13.Qh4 e5 14.Qxh5 Nxh5 15.Rac1 Nf6
16.Ng5 Bf5 17.b4 Re7 18.b5 h6 19.bxc6 hxg5 20.cxb7 Rb8 21.Bxg5 Ree8 22.a4 a5
23.Be3 Nbd7 24.Ba7 Rbd8 25.Nb5 Nb8 26.Bb6 Rd7 27.Bxa5 e4 28.dxe4 Bxe4 29.Bxe4 Nxe4
30.Rc8 Nf6 31.Bc7 Na6 32.Rc1 Kh7 33.Ra8 Rxc7 34.Nxc7 Rb8 35.Rb1 Nd7 36.Nxa6  1-0

[Event "TCh-CHN"]
[Site "Beijing CHN"]
[Date "2010.11.04"]
[Round "18"]
[White "Zhao Jun"]
[Black "Zhang Pengxiang"]
[Result "1/2-1/2"]
[WhiteElo "2575"]
[BlackElo "2605"]

1.Nf3 d5 2.c4 c6 3.d4 Nf6 4.cxd5 cxd5 5.Nc3 Nc6 6.Bf4 Bf5 7.e3 e6 8.Bd3 Bxd3
9.Qxd3 Bd6 10.Bxd6 Qxd6 11.O-O O-O 12.Rfc1 Rac8 13.h3 h6 14.Nd2 Na5 15.Qb5 Qb6
16.Qxb6 axb6 17.Nb5 Rfd8 18.Kf1 Kf8 19.Ke2 Ke7 20.Kd3 Kd7 21.f3 Ne8 22.e4 Rxc1
23.Rxc1 Rc8 24.Rxc8 Kxc8 25.exd5 exd5 26.Nf1 Nc6 27.Ne3 Ne7 28.g4 Kd7 29.a3 Kc6
30.Na7+ Kd6 31.Nb5+ Kc6 32.Na7+ Kd6  1/2-1/2

[Event "20th World Seniors"]
[Site "Arco ITA"]
[Date "2010.11.05"]
[Round "10"]
[White "Pritchett,C"]
[Black "Anguera Maestro,J"]
[Result "1-0"]
[WhiteElo "2314"]
[BlackElo "2205"]

1.Nf3 d5 2.c4 d4 3.g3 Nc6 4.Bg2 e5 5.d3 Be6 6.O-O f6 7.a3 a5 8.e3 dxe3 9.Bxe3 Nge7
10.d4 exd4 11.Nxd4 Nxd4 12.Bxd4 c6 13.Re1 Qd7 14.Nc3 Rd8 15.Bb6 Qxd1 16.Nxd1 Bxc4
17.Bxd8 Kxd8 18.Ne3 Bb3 19.Rac1 Kc7 20.Rc3 a4 21.Nc4 g6 22.Nd2 Bf7 23.Ne4 Nd5
24.Rc2 h6 25.Nc5 Bxc5 26.Rxc5 Rd8 27.Rcc1 Kd6 28.Rcd1 b5 29.f4 Re8 30.Bxd5 cxd5
31.Rxe8 Bxe8 32.Kf2 Kc5 33.Ke3 Kc4 34.Rd3 Kc5 35.Rc3+ Kd6 36.Rc8 Bd7 37.Rh8 h5
38.Rg8 Bf5 39.Kd4 Be4 40.Rb8 Ke6 41.Rxb5 Kf5 42.b3 axb3 43.Rxb3 Kg4 44.a4 Kh3
45.a5  1-0

[Event "14th OIBM"]
[Site "Bad Wiessee GER"]
[Date "2010.11.05"]
[Round "8.49"]
[White "Hornung,H"]
[Black "Nagel,B"]
[Result "1/2-1/2"]
[WhiteElo "2140"]
[BlackElo "2254"]

1.Nf3 d5 2.c4 e6 3.b3 Nf6 4.Bb2 b6 5.g3 Bb7 6.Bg2 c5 7.O-O Be7 8.cxd5 exd5
9.d4 O-O 10.Nc3 Nbd7 11.Rc1 Rc8 12.e3 Re8 13.Ne5 cxd4 14.exd4 Bb4 15.Bh3 Bxc3
16.Bxc3 Rc7 17.f3 Bc8 18.Bg2 Nf8 19.Qd3 Bb7 20.Bd2 Ne6 21.Rxc7 Qxc7 22.Rc1 Qd6
23.Bc3 Rc8 24.Bb2 Rxc1+ 25.Bxc1 Qb4 26.Bb2 Qa5 27.a3 Ba6 28.Qc3 Qxc3 29.Bxc3 Bb7
30.Kf2 Ne8 31.Bh3 Nd6 32.Ke3 Nb5 33.Bb2 Nbc7 34.a4 f6 35.Nd3 Kf7 36.Ba3 Ba6
37.Nc1 g6 38.Na2 f5 39.Nb4 Bb7 40.Nd3 Ng5 41.Ne5+ Ke6 42.Bf1 Nf7 43.Nxf7 Kxf7
44.Bd6 Ba6 45.Bg2 Ne6 46.Bb8 b5 47.a5 Ke7 48.Bxa7 h5 49.Bc5+ Kd7 50.Bf1 Kc6
51.b4 Kd7 52.Bd3 Ke8 53.Bc2 Kf7 54.Bb3 Ng7  1/2-1/2

[Event "TCh-CZE 2010-11"]
[Site "Frydek Mistek CZE"]
[Date "2010.11.06"]
[Round "1.3"]
[White "Ivanov,MM"]
[Black "Votava,J"]
[Result "0-1"]
[WhiteElo "2429"]
[BlackElo "2569"]

1.Nf3 d5 2.c4 e6 3.d4 Nf6 4.Nc3 Bb4 5.Bg5 c6 6.e3 Qa5 7.Bxf6 gxf6 8.Qc2 Nd7
9.cxd5 cxd5 10.Bd3 Nb6 11.O-O Bd7 12.Nd2 Na4 13.Nxa4 Bxa4 14.Nb3 Qb6 15.Rfc1 Bd6
16.Qe2 Bxb3 17.axb3 Ke7 18.Rc3 h5 19.Rac1 f5 20.Qf3 Kf6 21.e4 dxe4 22.Bxe4 Qxd4
23.Bxb7 Rad8 24.g3 Qg4 25.Rc4 Qxf3 26.Bxf3 Be5 27.Ra1 Bd4 28.h4 Bb6 29.Rd1 Rxd1+
30.Bxd1 Rd8 31.Be2 Rd2 32.Kf1 Rxb2 33.b4 Kg6 34.Rf4 Bc7 35.Rd4 Bb6 36.Rf4 e5
37.Rc4 f6 38.b5 Rxb5 39.Rg4+ fxg4 40.Bxb5 f5 41.Be8+ Kh6 42.Kg2 f4 43.f3 Ba5
44.Bd7 Be1 45.gxf4 exf4 46.fxg4 hxg4 47.Bxg4 Bxh4 48.Kf3 Kg5 49.Bd7 a5 50.Ke4 Bf2
51.Kf3 Be3 52.Ke4 Kf6 53.Ba4 Ke6 54.Bd1 Kd6 55.Kd3 Kc5 56.Kc3 Bd4+ 57.Kd3 Be5
58.Bb3 Kb4 59.Bd5 a4 60.Kc2 Kc5 61.Bf7 Kd4 62.Kd2 f3 63.Ke1 Bg3+ 64.Kf1 a3
65.Bg8 Kc3  0-1

[Event "14th OIBM"]
[Site "Bad Wiessee GER"]
[Date "2010.11.07"]
[Round "9.45"]
[White "Hornung,H"]
[Black "Baum,B"]
[Result "0-1"]
[WhiteElo "2140"]
[BlackElo "2253"]

1.Nf3 d5 2.c4 e6 3.b3 Nf6 4.Bb2 Be7 5.e3 O-O 6.d4 Nbd7 7.Bd3 Ne4 8.O-O f5
9.Nc3 c6 10.Ne2 Bd6 11.Nf4 Qf6 12.Be2 Qh6 13.Nd3 Ndf6 14.Nfe5 Bd7 15.Qc1 Bc7
16.a4 Rfd8 17.f3 Ng5 18.Ra2 Nf7 19.Bc3 g5 20.h3 Qg7 21.Nxf7 Kxf7 22.Ne5+ Kg8
23.g4 Be8 24.Bd3 fxg4 25.hxg4 Bxe5 26.dxe5 Nd7 27.f4 Nc5 28.Qb1 Nxd3 29.Qxd3 c5
30.f5 d4 31.exd4 cxd4 32.f6 Qc7 33.Bb4 Bg6 34.Qg3 d3 35.Raf2 Kf7 36.Bd6 Qb6
37.b4 Rac8 38.a5 Qd4 39.c5 Qxb4 40.Qf3 Rc6 41.Ra1 Qd4 42.Ra2 Be4 43.Qh3 Rxc5
44.Qh6 Rc1+  0-1

[Event "Frauenbundesliga 1st Div 2010-11"]
[Site "Germany GER"]
[Date "2010.11.07"]
[Round "2.3"]
[White "Kadziolka,B"]
[Black "Kulovana,E"]
[Result "1/2-1/2"]
[WhiteElo "2268"]
[BlackElo "2350"]

1.Nf3 d5 2.c4 c6 3.e3 Nf6 4.Qc2 a6 5.b3 g6 6.Bb2 Bf5 7.d3 Bg7 8.Nbd2 O-O
9.Nd4 Bc8 10.N4f3 Nbd7 11.d4 Re8 12.Bd3 Nf8 13.h3 Be6 14.O-O Rc8 15.c5 h6
16.Ne5 N6d7 17.f4 f5 18.Ndf3 Nf6 19.Nh4 Bf7 20.g4 e6 21.Nhf3 Ne4 22.b4 Nd7
23.Kh2 Bxe5 24.dxe5 Kh7 25.Rg1 Rg8 26.Rg2 Qe7 27.Rag1 Rcf8 28.g5 h5 29.Bd4 Ra8
30.Ra1 Rgc8 31.Rgg1 Rc7 32.Rgb1 Qf8 33.h4  1/2-1/2

[Event "16th Asian Games Rapid Women"]
[Site "Guangzhou CHN"]
[Date "2010.11.13"]
[Round "1"]
[White "Harika,D"]
[Black "Sultana,S"]
[Result "1-0"]
[WhiteElo "2525"]
[BlackElo "1998"]

1.Nf3 d5 2.c4 c6 3.d4 Nf6 4.Nc3 dxc4 5.a4 Bf5 6.e3 e6 7.Bxc4 Bb4 8.Ne5 Nbd7
9.Nxd7 Qxd7 10.f3 Rd8 11.O-O O-O 12.Qb3 Qe7 13.Rd1 a5 14.e4 Bg6 15.Be3 e5
16.d5 Nd7 17.Rac1 Kh8 18.Na2 Bc5 19.Bxc5 Nxc5 20.Qa3 cxd5 21.Bxd5 b6 22.b4 Ne6
23.Bxe6 Qxe6 24.b5 Rxd1+ 25.Rxd1 Rc8 26.Nc3 f5 27.Qd6 Bf7 28.Qxe6 Bxe6 29.exf5 Bxf5
30.Rd6 h6 31.Nd5 Rc1+ 32.Kf2 Ra1 33.Nxb6 Bc2 34.Rd8+ Kh7 35.Ra8 Ra2 36.Rxa5 Bxa4+
37.Kg3 Bb3 38.Rxa2 Bxa2 39.Nd7 Bc4 40.b6 Bd5 41.Nc5 g5 42.b7 Bxb7 43.Nxb7 Kg6
44.Nc5 h5 45.Kf2 Kf5 46.Ke3 g4 47.fxg4+ hxg4 48.Nd3 e4 49.Nf2 g3 50.hxg3 Kg5
51.Kxe4 Kg6 52.Kf4 Kf6 53.g4  1-0

[Event "16th Asian Games Rapid Women"]
[Site "Guangzhou CHN"]
[Date "2010.11.15"]
[Round "4"]
[White "Enkhtuul,A"]
[Black "Bakri,Al"]
[Result "1-0"]
[WhiteElo "2121"]
[BlackElo "1953"]

1.Nf3 d5 2.c4 e6 3.g3 Nf6 4.Bg2 Bd6 5.O-O O-O 6.b3 c5 7.e3 Nc6 8.Bb2 b6 9.cxd5 exd5
10.d4 Bb7 11.Nc3 Qd7 12.Rc1 Rad8 13.Nb5 Ba6 14.a4 Bxb5 15.axb5 Ne7 16.dxc5 Bxc5
17.Bxf6 gxf6 18.Nd4 Kg7 19.Nc6 Nxc6 20.bxc6 Qd6 21.Qg4+ Kh8 22.Rfd1 Qe6 23.Qa4 a5
24.Bf3 Rd6 25.Qf4 f5 26.Rd3 Qf6 27.Bxd5 Rfd8 28.Rcd1  1-0